[Event "Kandidatklassen"]
[Site "Aalborg"]
[Date "2000.??.??"]
[Round "?"]
[White "Larsen, Peter"]
[Black "Baekgaard, Martin"]
[Result "1-0"]
[WhiteElo "2294"]
[BlackElo "2135"]
[PlyCount "61"]
[EventDate "2000.??.??"]
[EventType "swiss"]
[EventRounds "7"]
[EventCountry "DEN"]
[SourceTitle "EXT 2001"]
[Source "ChessBase"]
[SourceDate "2000.11.22"]

1. Nf3 d6 2. d4 f5 3. g3 Nf6 4. Bg2 g6 5. c3 Bg7 6. Qb3 c6 7. Nbd2 d5 8. Ne5
O-O 9. e4 e6 10. exf5 exf5 11. O-O Nbd7 12. Nd3 Re8 13. Nf3 b6 14. Nfe5 Nxe5
15. Nxe5 Bb7 16. Bg5 Qc7 17. Bf4 Qc8 18. Rfe1 Re6 19. c4 Qe8 20. Nd3 Ne4 21.
cxd5 cxd5 22. Be5 Qf7 23. Bxg7 Kxg7 24. Ne5 Qe7 25. Rac1 Qd6 26. Rc2 Ree8 27.
Bxe4 fxe4 28. Rxe4 dxe4 29. Qf7+ Kh6 30. Rc7 Rxe5 31. Qxh7+ 1-0

[Event "Kandidatklassen"]
[Site "Aalborg"]
[Date "2000.??.??"]
[Round "?"]
[White "Larsen, Peter"]
[Black "Borbjerggaard, Lars"]
[Result "0-1"]
[WhiteElo "2294"]
[BlackElo "2389"]
[PlyCount "108"]
[EventDate "2000.??.??"]
[EventType "swiss"]
[EventRounds "7"]
[EventCountry "DEN"]
[SourceTitle "EXT 2001"]
[Source "ChessBase"]
[SourceDate "2000.11.22"]

1. d4 Nf6 2. Nf3 g6 3. c4 Bg7 4. Nc3 O-O 5. e4 d6 6. Be2 e5 7. O-O exd4 8. Nxd4
Re8 9. f3 Nc6 10. Nxc6 bxc6 11. Bg5 h6 12. Bh4 g5 13. Bf2 Nd7 14. Qc2 Nf8 15.
Rad1 Ne6 16. c5 Be5 17. Bc4 Qf6 18. cxd6 cxd6 19. Ne2 a5 20. Rd2 Nf4 21. Nxf4
Bxf4 22. Rd3 Be5 23. Rfd1 d5 24. exd5 Bf5 25. dxc6 Bxd3 26. Bxd3 Rac8 27. Qa4
Red8 28. Bb6 Bc7 29. Bxc7 Rxc7 30. Be4 Rxd1+ 31. Qxd1 Kg7 32. Qd2 Qe5 33. g4
Qc5+ 34. Kg2 Qb4 35. Qxb4 axb4 36. Kf2 Kf6 37. Ke3 Ke5 38. Kd3 h5 39. h3 h4 40.
Kc4 f5 41. gxf5 g4 42. fxg4 Kxe4 43. Kc5 Ke5 44. a4 bxa3 45. bxa3 Rc8 46. a4
Rd8 47. a5 Rd1 48. a6 Rc1+ 49. Kb6 Kd6 50. f6 Rb1+ 51. Ka5 Kc5 52. Ka4 Kxc6 53.
g5 Rf1 54. Kb4 Rf5 0-1

[Event "Kandidatklassen"]
[Site "Aalborg"]
[Date "2000.??.??"]
[Round "?"]
[White "Lindfeldt, Jan Magnus"]
[Black "Pedersen, Jan"]
[Result "1-0"]
[WhiteElo "2287"]
[BlackElo "2346"]
[PlyCount "101"]
[EventDate "2000.??.??"]
[EventType "swiss"]
[EventRounds "7"]
[EventCountry "DEN"]
[SourceTitle "EXT 2001"]
[Source "ChessBase"]
[SourceDate "2000.11.22"]

1. e4 e6 2. d4 d5 3. e5 a6 4. c3 Bd7 5. Nf3 Bb5 6. Bxb5+ axb5 7. Qe2 c6 8. O-O
Ne7 9. Na3 Nd7 10. Nc2 Nf5 11. Ne3 Nxe3 12. Bxe3 Be7 13. a3 O-O 14. Rae1 Nb6
15. h4 Qd7 16. Bc1 Rae8 17. Ng5 h6 18. Qh5 f6 19. Nf3 Bd8 20. exf6 Bxf6 21. Re2
Qf7 22. Qg4 h5 23. Qg3 Nc4 24. Rfe1 Re7 25. Qh3 Rfe8 26. Qg3 Kh7 27. Bg5 Kh8
28. b3 Na5 29. Ne5 Bxe5 30. Rxe5 Rd7 31. Rb1 Qg6 32. Rb2 Rf7 33. Bf4 Qg4 34.
Qxg4 hxg4 35. g3 Rf5 36. Re3 Rf7 37. Re5 Rf5 38. Re1 Rf7 39. Kf1 b6 40. Re5 c5
41. Rg5 Nc6 42. Be3 e5 43. dxc5 bxc5 44. Bxc5 Rf3 45. Rd2 Rxc3 46. Rxd5 Rxb3
47. Rxg4 Re6 48. h5 Ne7 49. Rd8+ Ng8 50. Bf8 Nf6 51. Bxg7+ 1-0

[Event "Kandidatklassen"]
[Site "Aalborg"]
[Date "2000.??.??"]
[Round "?"]
[White "Lindfeldt, Jan Magnus"]
[Black "Pedersen, Nicolai Vesterbaek"]
[Result "1/2-1/2"]
[WhiteElo "2287"]
[BlackElo "2352"]
[PlyCount "57"]
[EventDate "2000.??.??"]
[EventType "swiss"]
[EventRounds "7"]
[EventCountry "DEN"]
[SourceTitle "EXT 2001"]
[Source "ChessBase"]
[SourceDate "2000.11.22"]

1. e4 e5 2. Nf3 Nc6 3. Bb5 a6 4. Ba4 Nf6 5. O-O Be7 6. d3 b5 7. Bb3 O-O 8. Nc3
d6 9. a4 b4 10. Nd5 Na5 11. Nxe7+ Qxe7 12. Ba2 Be6 13. Bxe6 fxe6 14. d4 Nxe4
15. Qe2 d5 16. Nxe5 c5 17. f3 Nf6 18. Be3 Qc7 19. Bf2 c4 20. Be1 Qb6 21. Rd1
Rab8 22. Bh4 Qb7 23. Rfe1 b3 24. c3 Rbe8 25. Qd2 Nh5 26. Qg5 Rf5 27. Qd2 Rff8
28. g3 Nc6 29. Re2 1/2-1/2

[Event "Kandidatklassen"]
[Site "Aalborg"]
[Date "2000.??.??"]
[Round "?"]
[White "Lindfeldt, Jan Magnus"]
[Black "Brinck Claussen, Bjorn"]
[Result "1-0"]
[WhiteElo "2287"]
[BlackElo "2343"]
[PlyCount "41"]
[EventDate "2000.??.??"]
[EventType "swiss"]
[EventRounds "7"]
[EventCountry "DEN"]
[SourceTitle "EXT 2001"]
[Source "ChessBase"]
[SourceDate "2000.11.22"]

1. e4 e6 2. d4 d5 3. Nd2 c5 4. exd5 Qxd5 5. Ngf3 cxd4 6. Bc4 Qd6 7. O-O Nf6 8.
Nb3 Nc6 9. Qe2 Be7 10. Bg5 e5 11. Bb5 Nd7 12. Bxe7 Qxe7 13. Rfe1 f6 14. Bxc6
bxc6 15. Nfxd4 Nb6 16. Qf3 O-O 17. Nxc6 Qc7 18. Nc5 Bb7 19. Nxb7 Qxb7 20. Nxe5
Qc7 21. Nc6 1-0

[Event "Kandidatklassen"]
[Site "Aalborg"]
[Date "2000.??.??"]
[Round "?"]
[White "Lindfeldt, Jan Magnus"]
[Black "Bromann, Thorbjorn"]
[Result "1/2-1/2"]
[WhiteElo "2287"]
[BlackElo "2297"]
[PlyCount "54"]
[EventDate "2000.??.??"]
[EventType "swiss"]
[EventRounds "7"]
[EventCountry "DEN"]
[SourceTitle "EXT 2001"]
[Source "ChessBase"]
[SourceDate "2000.11.22"]

1. e4 e6 2. d4 d5 3. Nc3 Nf6 4. Bg5 Bb4 5. e5 h6 6. exf6 hxg5 7. fxg7 Rg8 8. h4
Nc6 9. Qh5 Qf6 10. O-O-O gxh4 11. Nf3 Bd7 12. Qxh4 Qxh4 13. Rxh4 Rxg7 14. Rh8+
Bf8 15. g3 O-O-O 16. Be2 Be7 17. Rh6 Rdg8 18. Rdh1 Be8 19. Nd1 Nd8 20. Ne3 c5
21. c3 f6 22. dxc5 Nf7 23. Rh7 Bxc5 24. Nd4 Bd7 25. Rxg7 Rxg7 26. g4 Kd8 27. f4
Nd6 1/2-1/2

[Event "Kandidatklassen"]
[Site "Aalborg"]
[Date "2000.??.??"]
[Round "?"]
[White "Lund, Silas"]
[Black "Pedersen, Jan"]
[Result "1/2-1/2"]
[WhiteElo "2250"]
[BlackElo "2346"]
[PlyCount "153"]
[EventDate "2000.??.??"]
[EventType "swiss"]
[EventRounds "7"]
[EventCountry "DEN"]
[SourceTitle "EXT 2001"]
[Source "ChessBase"]
[SourceDate "2000.11.22"]

1. c4 g6 2. d4 Bg7 3. e4 d6 4. Nc3 Nf6 5. Be2 O-O 6. Bg5 c6 7. Qd2 Nbd7 8. Nf3
e5 9. O-O Qc7 10. Rfe1 Re8 11. Bf1 Nf8 12. d5 c5 13. Rec1 Bd7 14. Rab1 h5 15.
b4 b6 16. Qb2 N8h7 17. Bd2 Rf8 18. a4 Ng4 19. h3 Nh6 20. a5 Rab8 21. axb6 axb6
22. bxc5 bxc5 23. Nb5 Bxb5 24. cxb5 f5 25. b6 Qb7 26. Qc2 f4 27. Qa4 g5 28. Qc6
Qe7 29. Qc7 Qf6 30. b7 g4 31. Ne1 gxh3 32. gxh3 Qg6+ 33. Bg2 Ng5 34. Qd7 Rf7
35. Qc8+ Rf8 36. Qd7 Rf7 37. Qc8+ Rf8 38. Qc7 Nxh3+ 39. Kf1 Nxf2 40. Kxf2 Qg3+
41. Ke2 Ng4 42. Qxd6 Qf2+ 43. Kd1 Qd4 44. Qxc5 Ne3+ 45. Ke2 Nxg2 46. Qxd4 exd4
47. Nxg2 f3+ 48. Kf2 fxg2+ 49. Kxg2 Be5 50. Rc6 Rf7 51. Re6 Bg7 52. Reb6 Be5
53. Kh3 Rf2 54. Rg1+ Kf7 55. Rg2 Rf1 56. Rg5 Bc7 57. Kg2 Rd1 58. Rb2 Rh8 59. e5
h4 60. Bf4 h3+ 61. Kh2 d3 62. Rg1 Rxg1 63. Kxg1 Kg6 64. d6 Bb8 65. Rd2 Kf5 66.
Bh2 Ke4 67. e6 Ke3 68. Rd1 Ke2 69. Ra1 d2 70. e7 Ba7+ 71. Kh1 Bc5 72. d7 Bxe7
73. Bc7 d1=Q+ 74. Rxd1 Kxd1 75. d8=Q+ Rxd8 76. Bxd8 Bd6 77. Bb6 1/2-1/2

[Event "Kandidatklassen"]
[Site "Aalborg"]
[Date "2000.??.??"]
[Round "?"]
[White "Lund, Silas"]
[Black "Jakobsen, Lars Veno"]
[Result "0-1"]
[WhiteElo "2250"]
[BlackElo "2360"]
[PlyCount "78"]
[EventDate "2000.??.??"]
[EventType "swiss"]
[EventRounds "7"]
[EventCountry "DEN"]
[SourceTitle "EXT 2001"]
[Source "ChessBase"]
[SourceDate "2000.11.22"]

1. c4 e6 2. g3 Nf6 3. Bg2 d5 4. d4 Bb4+ 5. Bd2 Be7 6. Nf3 O-O 7. O-O c6 8. Qc2
Nbd7 9. Nc3 a6 10. e4 dxc4 11. e5 Nd5 12. Ne4 b5 13. b3 cxb3 14. axb3 Bb7 15.
Ba5 Qb8 16. Neg5 g6 17. h4 Rc8 18. h5 Nf8 19. hxg6 hxg6 20. Ne4 Nd7 21. Qd2 Kg7
22. b4 Rh8 23. Nfg5 Qf8 24. Rab1 Qb8 25. Rfe1 Qa7 26. Bf3 Rae8 27. Kg2 Qb8 28.
Rb3 Nf8 29. Nc5 Bc8 30. Bg4 Nh7 31. Nxf7 Kxf7 32. Rf3+ Kg7 33. Nxe6+ Bxe6 34.
Bxe6 Ng5 35. Bxd5 cxd5 36. Rc3 Rc8 37. Rec1 Ne4 38. Rxc8 Rxc8 39. Qf4 Bg5 0-1

[Event "Kandidatklassen"]
[Site "Aalborg"]
[Date "2000.??.??"]
[Round "?"]
[White "Lund, Silas"]
[Black "Baekgaard, Martin"]
[Result "1/2-1/2"]
[WhiteElo "2250"]
[BlackElo "2135"]
[PlyCount "121"]
[EventDate "2000.??.??"]
[EventType "swiss"]
[EventRounds "7"]
[EventCountry "DEN"]
[SourceTitle "EXT 2001"]
[Source "ChessBase"]
[SourceDate "2000.11.22"]

1. c4 f5 2. Nc3 Nf6 3. d4 d6 4. g3 g6 5. Bg2 Bg7 6. d5 Na6 7. Nh3 e5 8. dxe6
Nc5 9. Ng5 O-O 10. O-O c6 11. Bf4 Ne8 12. Nf7 Qa5 13. Nh6+ Kh8 14. Nf7+ Kg8 15.
Nh6+ Kh8 16. e7 Rf6 17. Bxd6 Bxh6 18. Bxc5 Qxc5 19. Qd8 Bf8 20. exf8=Q+ Rxf8
21. b3 Nf6 22. Qc7 Qb4 23. Rac1 Be6 24. Rfd1 Rae8 25. Qd6 Qa5 26. e3 Kg8 27.
Qd2 Rd8 28. Qc2 g5 29. Ne2 Qc5 30. Rd4 Ng4 31. Qd2 Rde8 32. h3 Nf6 33. b4 Qe7
34. e4 Nxe4 35. Bxe4 fxe4 36. Rxe4 Qf6 37. Qe3 Kf7 38. g4 h5 39. Ng3 hxg4 40.
hxg4 Bxg4 41. Re1 Be6 42. Re5 Bd7 43. Qd4 Kg8 44. R1e4 Rxe5 45. Rxe5 Qf4 46.
Qxf4 Rxf4 47. Ne4 Kf7 48. a3 b6 49. c5 g4 50. Kf1 Rf5 51. cxb6 axb6 52. Nd6+
Kf6 53. Re3 Rf4 54. Ke2 Rd4 55. Ne4+ Kf5 56. Nc3 Be6 57. Ke1 Bd5 58. Nxd5 Rxd5
59. Ke2 c5 60. bxc5 Rxc5 61. Rb3 1/2-1/2

[Event "Kandidatklassen"]
[Site "Aalborg"]
[Date "2000.??.??"]
[Round "?"]
[White "Nielsen, Poul Erik"]
[Black "Sobjerg, Erik"]
[Result "1-0"]
[WhiteElo "2232"]
[BlackElo "2260"]
[PlyCount "79"]
[EventDate "2000.??.??"]
[EventType "swiss"]
[EventRounds "7"]
[EventCountry "DEN"]
[SourceTitle "EXT 2001"]
[Source "ChessBase"]
[SourceDate "2000.11.22"]

1. b3 e5 2. Bb2 d6 3. d4 g6 4. dxe5 Bg7 5. Bc3 Bxe5 6. Bxe5 dxe5 7. Qxd8+ Kxd8
8. Nf3 f6 9. Nbd2 Nc6 10. O-O-O Ke7 11. e3 Nh6 12. h3 Nf7 13. Ne4 a6 14. g4 Be6
15. Nc5 Nd6 16. Nxe6 Kxe6 17. Nd2 Rad8 18. Bg2 Ne7 19. c4 Rb8 20. Kb2 b5 21.
cxb5 axb5 22. Rc1 Rhc8 23. Rc5 c6 24. Rhc1 Rb6 25. f4 exf4 26. exf4 Nb7 27.
Re1+ Kf7 28. Rc2 Nd6 29. Rec1 Ra6 30. Ne4 Nxe4 31. Bxe4 Rca8 32. Kb1 Rd8 33.
Bxc6 b4 34. Bb5 Rad6 35. Re1 Kf8 36. Bc4 Rd4 37. Rce2 Rd1+ 38. Kc2 Rxe1 39.
Rxe1 Nc6 40. Rd1 1-0

[Event "Kandidatklassen"]
[Site "Aalborg"]
[Date "2000.??.??"]
[Round "?"]
[White "Nielsen, Poul Erik"]
[Black "Bromann, Thorbjorn"]
[Result "0-1"]
[WhiteElo "2232"]
[BlackElo "2297"]
[PlyCount "100"]
[EventDate "2000.??.??"]
[EventType "swiss"]
[EventRounds "7"]
[EventCountry "DEN"]
[SourceTitle "EXT 2001"]
[Source "ChessBase"]
[SourceDate "2000.11.22"]

1. c4 e5 2. g3 Nf6 3. Bg2 d5 4. cxd5 Nxd5 5. Nc3 Nb6 6. Nf3 Nc6 7. O-O Be7 8.
d3 O-O 9. Be3 Be6 10. Na4 e4 11. Ne1 exd3 12. Nxd3 Bd5 13. Bxd5 Qxd5 14. Ndc5
Qxd1 15. Rfxd1 Nxa4 16. Nxa4 Rfd8 17. Bf4 Rac8 18. Rxd8+ Nxd8 19. e4 Ne6 20.
Be3 Rd8 21. Nc3 Bc5 22. Bxc5 Nxc5 23. Kf1 Rd2 24. Rd1 Rxd1+ 25. Nxd1 Nxe4 26.
Ke2 Kf8 27. Kd3 Nd6 28. Ne3 Ke7 29. b4 Ke6 30. f4 h5 31. Nc2 Kd5 32. Ne3+ Ke6
33. Nc2 f6 34. a4 g5 35. fxg5 fxg5 36. Kd4 Nf5+ 37. Ke4 Nd6+ 38. Kd4 h4 39. g4
Nf7 40. Ke4 Ne5 41. Nd4+ Kf6 42. Nb5 Nxg4 43. Nxa7 Nxh2 44. a5 h3 45. b5 Nf1
46. Kf3 g4+ 47. Kf2 h2 48. Kg2 g3 49. a6 Ne3+ 50. Kh1 Ng4 0-1

[Event "Kandidatklassen"]
[Site "Aalborg"]
[Date "2000.??.??"]
[Round "?"]
[White "Nielsen, Simon Saito"]
[Black "Lund, Silas"]
[Result "0-1"]
[WhiteElo "2006"]
[BlackElo "2250"]
[PlyCount "96"]
[EventDate "2000.??.??"]
[EventType "swiss"]
[EventRounds "7"]
[EventCountry "DEN"]
[SourceTitle "EXT 2001"]
[Source "ChessBase"]
[SourceDate "2000.11.22"]

1. d4 Nf6 2. c4 e6 3. Nc3 c5 4. d5 exd5 5. cxd5 d6 6. e4 g6 7. f4 Bg7 8. Bb5+
Nfd7 9. a4 a6 10. Bd3 Qh4+ 11. g3 Qd8 12. Nf3 O-O 13. O-O Nf6 14. Kg2 Bg4 15.
Re1 Re8 16. h3 Bxf3+ 17. Qxf3 Nbd7 18. g4 Qa5 19. Be3 Qb4 20. Rab1 c4 21. Bc2
Nc5 22. Bxc5 Qxc5 23. e5 dxe5 24. fxe5 Nd7 25. e6 fxe6 26. dxe6 Ne5 27. Qxb7
Rab8 28. Qd5 Qxd5+ 29. Nxd5 Rxe6 30. Be4 Nd3 31. Bxd3 Rxe1 32. Rxe1 cxd3 33. b4
Rd8 34. Ne7+ Kh8 35. Nc6 d2 36. Rd1 Rd3 37. b5 axb5 38. axb5 Bc3 39. b6 Rd7 40.
Na7 Ba5 41. Nc8 Kg7 42. Kf2 Kf6 43. Ke2 Kg5 44. Rb1 Rd8 45. b7 Bc7 46. Na7 Bf4
47. Nc6 Re8+ 48. Kf2 Re1 0-1

[Event "Kandidatklassen"]
[Site "Aalborg"]
[Date "2000.??.??"]
[Round "?"]
[White "Nielsen, Simon Saito"]
[Black "Brinck Claussen, Bjorn"]
[Result "0-1"]
[WhiteElo "2006"]
[BlackElo "2343"]
[PlyCount "86"]
[EventDate "2000.??.??"]
[EventType "swiss"]
[EventRounds "7"]
[EventCountry "DEN"]
[SourceTitle "EXT 2001"]
[Source "ChessBase"]
[SourceDate "2000.11.22"]

1. d4 d5 2. c4 c6 3. Nf3 Nf6 4. Nc3 e6 5. Bg5 dxc4 6. e4 b5 7. e5 h6 8. Bh4 g5
9. Nxg5 hxg5 10. Bxg5 Nbd7 11. exf6 Bb7 12. g3 c5 13. d5 Qb6 14. Bg2 O-O-O 15.
O-O b4 16. Na4 Qa6 17. dxe6 Qxe6 18. Bxb7+ Kxb7 19. Qf3+ Qc6 20. Qxc6+ Kxc6 21.
Rfe1 Kb5 22. b3 c3 23. Rad1 Bh6 24. f4 Bxg5 25. fxg5 Ne5 26. Rxd8 Nf3+ 27. Kf2
Nxe1 28. Rxh8 c2 29. Rb8+ Ka5 30. Rc8 Nd3+ 31. Ke2 c1=Q 32. Kxd3 Qd1+ 33. Ke3
Qg1+ 34. Kf3 Qd1+ 35. Kf2 Qc2+ 36. Kg1 Qb1+ 37. Kg2 Qxa2+ 38. Kh3 Qxb3 39. Nxc5
Qf3 40. Rc7 Kb6 41. Re7 Kxc5 42. Kh4 b3 43. Rxf7 b2 0-1

[Event "Kandidatklassen"]
[Site "Aalborg"]
[Date "2000.??.??"]
[Round "?"]
[White "Palo, Davor"]
[Black "Nielsen, Poul Erik"]
[Result "1/2-1/2"]
[WhiteElo "2163"]
[BlackElo "2232"]
[PlyCount "52"]
[EventDate "2000.??.??"]
[EventType "swiss"]
[EventRounds "7"]
[EventCountry "DEN"]
[SourceTitle "EXT 2001"]
[Source "ChessBase"]
[SourceDate "2000.11.22"]

1. c4 g6 2. Nc3 Bg7 3. d4 d6 4. e4 Nd7 5. Be3 e5 6. Nge2 Nh6 7. f3 f5 8. Qd2
Nf7 9. exf5 gxf5 10. O-O-O O-O 11. dxe5 dxe5 12. f4 c6 13. Ng3 exf4 14. Bxf4
Nde5 15. Qxd8 Rxd8 16. Re1 Be6 17. Nh5 Bh8 18. h3 Re8 19. Na4 Rad8 20. Be2 b6
21. Rd1 Ng6 22. Bf3 Nfe5 23. Bg5 Rxd1+ 24. Rxd1 Nxf3 25. gxf3 Kf7 26. Nf4 Nxf4
1/2-1/2

[Event "Kandidatklassen"]
[Site "Aalborg"]
[Date "2000.??.??"]
[Round "?"]
[White "Palo, Davor"]
[Black "Skytte, Rasmus"]
[Result "1-0"]
[WhiteElo "2163"]
[BlackElo "2346"]
[PlyCount "82"]
[EventDate "2000.??.??"]
[EventType "swiss"]
[EventRounds "7"]
[EventCountry "DEN"]
[SourceTitle "EXT 2001"]
[Source "ChessBase"]
[SourceDate "2000.11.22"]

1. d4 Nf6 2. c4 c5 3. d5 b5 4. a4 b4 5. Nf3 g6 6. b3 Bg7 7. Bb2 O-O 8. g3 d6 9.
Bg2 a5 10. Nbd2 Ra7 11. O-O e5 12. dxe6 Bxe6 13. e4 Nc6 14. Qc2 Re7 15. Rad1
Qc7 16. Rfe1 Bc8 17. Nf1 Bb7 18. Ne3 Ne5 19. Nxe5 dxe5 20. Nd5 Bxd5 21. cxd5
Qd6 22. Bc1 Nd7 23. Bh3 Rc8 24. Be3 Bf8 25. Rc1 Rc7 26. Qd3 Re8 27. Rc2 Nb6 28.
Qb5 Rb8 29. Rec1 c4 30. bxc4 Rc5 31. Bxc5 Qxc5 32. Rd1 Bd6 33. Kh1 Qxb5 34.
cxb5 Nxa4 35. Rc6 Nc3 36. Ra1 Nxb5 37. Bf1 Bf8 38. Rxa5 Nd6 39. Bd3 b3 40. Raa6
b2 41. Rab6 Ra8 1-0

[Event "Kandidatklassen"]
[Site "Aalborg"]
[Date "2000.??.??"]
[Round "?"]
[White "Palo, Davor"]
[Black "Borbjerggaard, Lars"]
[Result "1/2-1/2"]
[WhiteElo "2163"]
[BlackElo "2389"]
[PlyCount "85"]
[EventDate "2000.??.??"]
[EventType "swiss"]
[EventRounds "7"]
[EventCountry "DEN"]
[SourceTitle "EXT 2001"]
[Source "ChessBase"]
[SourceDate "2000.11.22"]

1. e4 c6 2. d4 d5 3. Nd2 dxe4 4. Nxe4 Bf5 5. Ng3 Bg6 6. h4 h6 7. h5 Bh7 8. Nf3
Nd7 9. Bd3 Bxd3 10. Qxd3 Ngf6 11. Bf4 Qa5+ 12. Bd2 Qc7 13. O-O-O e6 14. Qe2
O-O-O 15. c4 Bd6 16. Ne4 Bf4 17. Nxf6 Nxf6 18. g3 Bxd2+ 19. Rxd2 Qa5 20. a3 Qf5
21. Rh4 Rhf8 22. Ne5 Qg5 23. Qe3 Qxe3 24. fxe3 Nh7 25. Nf3 f6 26. Rhh2 Kd7 27.
g4 Ke7 28. Kc2 Ng5 29. Nxg5 hxg5 30. e4 Rh8 31. Kc3 Rh6 32. d5 Rdh8 33. dxe6
Kxe6 34. Rhf2 Re8 35. Rf5 g6 36. hxg6 Rxg6 37. c5 Kf7 38. e5 Rxe5 39. Rxe5 fxe5
40. Rd7+ Ke6 41. Rd6+ Kf7 42. Rd7+ Ke6 43. Rd6+ 1/2-1/2

[Event "Kandidatklassen"]
[Site "Aalborg"]
[Date "2000.??.??"]
[Round "?"]
[White "Pedersen, Daniel Vesterbaek"]
[Black "Sobjerg, Erik"]
[Result "1/2-1/2"]
[WhiteElo "2297"]
[BlackElo "2260"]
[PlyCount "49"]
[EventDate "2000.??.??"]
[EventType "swiss"]
[EventRounds "7"]
[EventCountry "DEN"]
[SourceTitle "EXT 2001"]
[Source "ChessBase"]
[SourceDate "2000.11.22"]

1. d4 d5 2. c4 Nc6 3. e3 e5 4. dxe5 d4 5. a3 dxe3 6. Qxd8+ Kxd8 7. Bxe3 Nxe5 8.
Nf3 Nxf3+ 9. gxf3 Be6 10. Nc3 Ne7 11. O-O-O+ Kc8 12. Ne4 Nf5 13. Bc5 b6 14.
Bxf8 Rxf8 15. Ng5 c5 16. Nxh7 Rh8 17. Ng5 Nd4 18. h4 Kc7 19. Nxe6+ fxe6 20. Bd3
Raf8 21. Be4 Nxf3 22. Bxf3 Rxf3 23. Rdg1 Rh7 24. Rh2 a5 25. Rg4 1/2-1/2

[Event "Kandidatklassen"]
[Site "Aalborg"]
[Date "2000.??.??"]
[Round "?"]
[White "Pedersen, Daniel Vesterbaek"]
[Black "Rasmussen, Allan Stig"]
[Result "1-0"]
[WhiteElo "2297"]
[BlackElo "2164"]
[PlyCount "147"]
[EventDate "2000.??.??"]
[EventType "swiss"]
[EventRounds "7"]
[EventCountry "DEN"]
[SourceTitle "EXT 2001"]
[Source "ChessBase"]
[SourceDate "2000.11.22"]

1. e4 c6 2. d4 d5 3. exd5 cxd5 4. c4 Nf6 5. Nc3 e6 6. Nf3 Be7 7. cxd5 Nxd5 8.
Bd3 Nc6 9. O-O O-O 10. Re1 Bf6 11. Be4 Nce7 12. Ne5 Bd7 13. Qd3 g6 14. Bh6 Bg7
15. Bxg7 Kxg7 16. Nxd5 exd5 17. Bf3 Be6 18. Qb3 b6 19. Rac1 Qd6 20. Qa4 a5 21.
a3 Rfc8 22. g3 Nf5 23. Be2 f6 24. Nf3 Rxc1 25. Rxc1 Rc8 26. Rxc8 Bxc8 27. Qe8
Qd7 28. Qxd7+ Bxd7 29. Kf1 Kf7 30. Ke1 Nd6 31. Kd2 Ke7 32. Ne1 Bf5 33. Nd3 Nc8
34. Kc3 Kd6 35. b4 axb4+ 36. Kxb4 Bd7 37. Nb2 Na7 38. Kc3 Nc6 39. Bd3 Ne7 40.
Kb4 Nc6+ 41. Kc3 Ne7 42. Nd1 Bf5 43. Bb5 Bd7 44. Kb4 Nf5 45. Bxd7 Kxd7 46. Ne3
Ne7 47. Kb5 Kc7 48. Ng4 Ng8 49. Ka6 f5 50. Ne3 Nf6 51. f4 h6 52. Nc2 Ne4 53.
Nb4 Nc3 54. h3 g5 55. Nd3 Ne2 56. fxg5 hxg5 57. h4 gxh4 58. gxh4 Nxd4 59. h5
Ne6 60. h6 Nf8 61. Kb5 Nh7 62. a4 Kb7 63. Nf4 d4 64. Kc4 Ka6 65. Kxd4 Ng5 66.
Nh3 Nf7 67. h7 Ka5 68. Ng5 Nh8 69. Ke5 Kxa4 70. Kxf5 b5 71. Kf6 b4 72. Kg7 b3
73. Ne4 b2 74. Nd2 1-0

[Event "Kandidatklassen"]
[Site "Aalborg"]
[Date "2000.??.??"]
[Round "?"]
[White "Pedersen, Daniel Vesterbaek"]
[Black "Nielsen, Simon Saito"]
[Result "1-0"]
[WhiteElo "2297"]
[BlackElo "2006"]
[PlyCount "35"]
[EventDate "2000.??.??"]
[EventType "swiss"]
[EventRounds "7"]
[EventCountry "DEN"]
[SourceTitle "EXT 2001"]
[Source "ChessBase"]
[SourceDate "2000.11.22"]

1. e4 c5 2. c3 d5 3. exd5 Qxd5 4. d4 Nc6 5. Nf3 cxd4 6. cxd4 e5 7. Nc3 Bb4 8.
Bd2 Bxc3 9. Bxc3 e4 10. Ne5 Nxe5 11. dxe5 Ne7 12. Qe2 O-O 13. Rd1 Qxa2 14. Bb4
e3 15. Bxe7 Qa5+ 16. b4 Qc7 17. Bc5 b6 18. Bxe3 1-0

[Event "Kandidatklassen"]
[Site "Aalborg"]
[Date "2000.??.??"]
[Round "?"]
[White "Pedersen, Jan"]
[Black "Palo, Davor"]
[Result "1/2-1/2"]
[WhiteElo "2346"]
[BlackElo "2163"]
[PlyCount "138"]
[EventDate "2000.??.??"]
[EventType "swiss"]
[EventRounds "7"]
[EventCountry "DEN"]
[SourceTitle "EXT 2001"]
[Source "ChessBase"]
[SourceDate "2000.11.22"]

1. g3 e5 2. Bg2 Nf6 3. c4 Nc6 4. Nc3 d6 5. Nf3 g6 6. d4 exd4 7. Nxd4 Bd7 8. O-O
Bg7 9. Nxc6 Bxc6 10. Nd5 Bxd5 11. cxd5 Nd7 12. Qc2 O-O 13. Bd2 a5 14. Rae1 Nc5
15. b3 Qd7 16. a3 a4 17. b4 Nb3 18. Bc3 Nd4 19. Qd3 Qb5 20. Qxb5 Nxb5 21. Bxg7
Kxg7 22. Ra1 Rfe8 23. e3 Nc3 24. Bf3 Re5 25. Rfc1 Nxd5 26. Bxd5 Rxd5 27. Rxc7
b5 28. Rac1 Re8 29. Kf1 Rd2 30. R7c2 Rd3 31. Rc3 Rd2 32. R1c2 Rd1+ 33. Ke2 Ra1
34. Rd2 Re6 35. Kd3 g5 36. f4 Re1 37. Kd4 g4 38. Kd5 R1xe3 39. Rxe3 Rxe3 40.
Kc6 Rxa3 41. Kxb5 Kf6 42. Ka6 Rb3 43. b5 a3 44. Ra2 Ke6 45. b6 Kd5 46. b7 Kc4
47. Ka7 d5 48. Rc2+ Kd3 49. Rc5 d4 50. b8=Q Rxb8 51. Kxb8 Ke2 52. Re5+ Kf2 53.
Ra5 d3 54. Rxa3 d2 55. Ra1 Kg2 56. Rd1 Kxh2 57. Rxd2+ Kxg3 58. f5 Kf4 59. f6
Ke5 60. Kc7 h5 61. Rh2 Kxf6 62. Rxh5 Ke6 63. Kc6 f5 64. Kc5 Ke5 65. Kc4 Ke4 66.
Kc3 Ke3 67. Rxf5 g3 68. Rg5 Kf2 69. Rf5+ Ke3 1/2-1/2

[Event "Kandidatklassen"]
[Site "Aalborg"]
[Date "2000.??.??"]
[Round "?"]
[White "Pedersen, Jan"]
[Black "Nielsen, Simon Saito"]
[Result "1-0"]
[WhiteElo "2346"]
[BlackElo "2006"]
[PlyCount "121"]
[EventDate "2000.??.??"]
[EventType "swiss"]
[EventRounds "7"]
[EventCountry "DEN"]
[SourceTitle "EXT 2001"]
[Source "ChessBase"]
[SourceDate "2000.11.22"]

1. g3 Nf6 2. Bg2 g6 3. c4 Bg7 4. Nc3 O-O 5. Nf3 d6 6. d4 Nbd7 7. O-O e5 8. h3
c6 9. e4 Re8 10. Be3 exd4 11. Nxd4 Nc5 12. Qc2 a5 13. Rad1 Qe7 14. Rfe1 Be6 15.
Nxe6 Nxe6 16. f4 Nd7 17. Qd2 Ndc5 18. Bf2 Rad8 19. Ne2 Qc7 20. b3 Kh8 21. h4 h5
22. Nd4 Kh7 23. Nf3 Kg8 24. Bh3 Kh7 25. Bxe6 Nxe6 26. Qc2 b6 27. Kg2 Kg8 28.
Re2 Nf8 29. Red2 Nh7 30. Bd4 Bxd4 31. Rxd4 Nf6 32. Qd3 c5 33. Rxd6 Rxd6 34.
Qxd6 Qxd6 35. Rxd6 Nxe4 36. Rxb6 Nc3 37. Ne5 a4 38. bxa4 Nxa4 39. Rb7 Rf8 40.
Kf3 Nc3 41. a3 Ra8 42. Rb3 Na4 43. Ke4 Rd8 44. Rd3 Re8 45. Rd6 Re7 46. Ra6 Nb2
47. Kd5 Nd1 48. Kxc5 Ne3 49. Kb5 Nf5 50. c5 Nxg3 51. Rd6 Nf5 52. Rd7 Rxd7 53.
Nxd7 Nxh4 54. a4 Nf5 55. a5 Ne7 56. Kb6 h4 57. Nf6+ Kf8 58. Kb7 h3 59. Ng4 Ke8
60. a6 Kd7 61. a7 1-0

[Event "Kandidatklassen"]
[Site "Aalborg"]
[Date "2000.??.??"]
[Round "?"]
[White "Pedersen, Jan"]
[Black "Bromann, Thorbjorn"]
[Result "1/2-1/2"]
[WhiteElo "2346"]
[BlackElo "2297"]
[PlyCount "24"]
[EventDate "2000.??.??"]
[EventType "swiss"]
[EventRounds "7"]
[EventCountry "DEN"]
[SourceTitle "EXT 2001"]
[Source "ChessBase"]
[SourceDate "2000.11.22"]

1. b3 e5 2. Bb2 Nc6 3. e3 d5 4. Bb5 Bd6 5. Nf3 Qe7 6. Nc3 Nf6 7. Bxc6+ bxc6 8.
d3 O-O 9. Qe2 Re8 10. Nd2 Bg4 11. f3 Be6 12. O-O Rad8 1/2-1/2